000 00731nam a2200205 a 4500
001 000028450
005 20210625144102.0
008 110408s1987 dr a 000 0 spa d
040 _aDO-SdBNP
_bspa
_cBNPHU
082 _axxx
_bT266b
100 1 _aTejada, Darío
_918722
245 1 0 _aBalance de una huelga :
_banalísis y cronología de una huelga del 28 de julio de 1987 /
_cDarío Tejada, Benito A. Cruz y Carlos Villaverde.
260 _aSanto Domingo :
_bCentro Dominiano de Estudios de la Educación,
_c1987.
300 _a66 p. :
_bil. ;
_c21 cm.
490 1 _aAnálisis de coyuntura
700 1 _aCruz, Benito A.
_955411
700 1 _aVillaverde, Carlos
_955412
830 0 _aAnálisis de coyuntura
_955413
049 _aBNPD
999 _c27942
_d27942